000 00366nam a2200157Ia 4500
008 160316s1986 xxu||||| |||| 00| 0 eng d
082 _a823.000000
_bLAM
100 _aL'Amour Louis
245 _aThe trial to crazy man
250 _a
260 _aLondon
_bBantam Books
_c1986
300 _a354p
_b
_c
365 _b Rs. 75
650 _a1. Fiction
700 _a
_a
999 _c33352
_d33352